000 00796nas a2200253 4500
001 BR0805650
003 BR-BrBNA
005 20231205112429.0
007 ta
008 230509b bl.|||p| |||| 00| 00por d
040 _aBR-BrBNA
_bpor
_cBiblioteca Nacional de Agricultura
041 _a(Pt)
072 _aH10
100 1 _aSantos, R.L. dos
100 1 _aTorres, J.B.
100 1 _aBastos, C.S.
245 1 _aDesenvolvimento e crescimento populacional de Alabama argillacea em algodoeiro de fibra branca e colorida
650 _aALGODÃO
650 _aCURUQUERE
650 _aVARIEDADE RESISTENTE
773 0 _tPesquisa Agropecuaria Brasileira (Brazil)
_xISSN 0100-204X
_g(Apr 2008), v. 43(4) p. 457-463
_wBR0805650
909 _a202311
_bLúcia
_c55
_dLúcia Elande
942 _2AGRIS
_n0
_cANA
999 _c198039
_d198039